Mario Games for the 3DS - Statistics

General Stats
  • This quiz has been taken 118 times
  • The average score is 11 of 24
Answer Stats
Genre Year Answer % Correct
Racing 2011 Mario Kart 7
91%
Platformer 2011 Super Mario 3D Land
90%
Platformer 2012 New Super Mario Bros. 2
87%
RPG 2012 Paper Mario: Sticker Star
65%
Creation 2016 Super Mario Maker for Nintendo 3DS
65%
RPG 2013 Mario & Luigi: Dream Team
61%
Sports 2012 Mario Tennis Open
60%
Party 2013 Mario Party: Island Tour
58%
Party 2017 Mario Party: The Top 100
57%
Sports 2014 Mario Golf: World Tour
56%
RPG 2018 Mario & Luigi: Bowser's Inside Story + Bowser Jr.'s Journey
56%
RPG 2015 Mario & Luigi: Paper Jam
51%
RPG 2017 Mario & Luigi: Superstar Saga + Bowser's Minions
49%
Party 2016 Mario Party: Star Rush
44%
Action-Adventure 2018 Luigi's Mansion
35%
Action-Adventure 2013 Luigi's Mansion: Dark Moon
29%
Sports 2017 Mario Sports Superstars
27%
Sports 2012 Mario & Sonic at the 2012 London Olympic Games
23%
Sports 2016 Mario & Sonic at the Rio 2016 Olympic Games
22%
Puzzle 2015 Dr. Mario: Miracle Cure
21%
Puzzle 2013 Mario and Donkey Kong: Minis on the Move
18%
Puzzle 2015 Mario vs. Donkey Kong: Tipping Stars
18%
Puzzle 2015 Puzzle & Dragons Z + Super Mario Bros. Edition
8%
Puzzle 2016 Mini Mario & Friends: amiibo Challenge
6%
No matching quizzes found
Score Distribution
Percent of People with Each Score
Percentile by Number Answered
Your Score History
You have not taken this quiz